Metternich / (Record no. 150077)

MARC details
000 -LEADER
campo de control de longitud fija 00572nam a2200181 i 4500
001 - NÚMERO DE CONTROL
campo de control 150077
003 - IDENTIFICADOR DE NÚMERO DE CONTROL
campo de control ES-MaACL
005 - FECHA Y HORA DE LA ÚLTIMA TRANSACCIÓN
campo de control 20230906203353.0
007 - CAMPO FIJO DE DESCRIPCIÓN FÍSICA--INFORMACIÓN GENERAL
campo de control de longitud fija t|
008 - DATOS DE LONGITUD FIJA--INFORMACIÓN GENERAL
campo de control de longitud fija 071026s1966 sp ||||1| spa d
100 1# - ENTRADA PRINCIPAL--NOMBRE DE PERSONA
Nombre de persona Vallotton, Henry.
9 (RLIN) 112926
245 10 - MENCIÓN DEL TÍTULO
Título Metternich /
Mención de responsabilidad, etc. Henry Vallotton ; [traducción de Luis Sastre].
260 ## - PUBLICACIÓN, DISTRIBUCIÓN, ETC.
Lugar de publicación, distribución, etc. Madrid :
Nombre del editor, distribuidor, etc. Cid,
Fecha de publicación, distribución, etc. [1966]
300 ## - DESCRIPCIÓN FÍSICA
Extensión 370 p. :
Otras características físicas retr, biog. ;
Dimensiones 21 cm.
600 14 - PUNTO DE ACCESO ADICIONAL DE MATERIA--NOMBRE DE PERSONA
Nombre de persona Metternich, Clemens Wenzel Lothar
Títulos y otros términos asociados al nombre Fürst von (
Fechas asociadas al nombre 1773-1859)
9 (RLIN) 80737
700 1# - ENTRADA AGREGADA--NOMBRE PERSONAL
Nombre de persona Sastre, Luis.
9 (RLIN) 103920
852 ## - LOCALIZACIÓN
Ubicación ES-MaACL
Número de control de estantería C-30326
Sublocalización o colección R.60165
Holdings
Estatus retirado Estado de pérdida Estado de daño No para préstamo Biblioteca de origen Biblioteca actual Ubicación en estantería Fecha de adquisición Fuente de adquisición Total de préstamos Signatura topográfica completa Código de barras Visto por última vez Precio de reemplazo Tipo de ítem Koha
        Biblioteca del Ateneo de Madrid Biblioteca del Ateneo de Madrid Depósito 2 17/01/2008     C-30326 1156606 23/02/2023 23/02/2023 Libro impreso